(Record no. 184947)
[ view plain ]
| 000 -CABECERA | |
|---|---|
| campo de control de longitud fija | 01045nam a2200205Ia 4500 |
| 001 - NÚMERO DE CONTROL | |
| campo de control | IA_To carry out this project will require an estimated initial investment of 646519.89, making a profit for the company of 885462.2 for 10 year of operation. With an internal rate of return (TIR by its spanish acronym) of 59 % for the project. The same form we obtained the net present value (VAN by its spanish acronym) of 774923 for the project. |
| 008 - DATOS DE LONGITUD FIJA--INFORMACIÓN GENERAL | |
| campo de control de longitud fija | 220117s xx 000 0 und d |
| 010 ## - NÚMERO DE CONTROL DE LA BIBLIOTECA DEL CONGRESO | |
| Número de control de LC | 184947 |
| 530 ## - NOTA DE FORMATO FÍSICO ADICIONAL DISPONIBLE | |
| Nota de formato físico adicional disponible | Disponible en PDF |
| 650 #0 - PUNTO DE ACCESO ADICIONAL DE MATERIA--TÉRMINO DE MATERIA | |
| Término de materia o nombre geográfico como elemento de entrada | Dairy industry |
| Subdivisión geográfica | Mexico |
| -- | Tlaxcala |
| 9 (RLIN) | 149911 |
| 650 ## - PUNTO DE ACCESO ADICIONAL DE MATERIA--TÉRMINO DE MATERIA | |
| Término de materia o nombre geográfico como elemento de entrada | Entrepreneurship |
| 9 (RLIN) | 148030 |
| 650 #0 - PUNTO DE ACCESO ADICIONAL DE MATERIA--TÉRMINO DE MATERIA | |
| Término de materia o nombre geográfico como elemento de entrada | Industria lechera |
| Subdivisión geográfica | México |
| -- | Tlaxcala |
| 9 (RLIN) | 149914 |
| 650 ## - PUNTO DE ACCESO ADICIONAL DE MATERIA--TÉRMINO DE MATERIA | |
| Término de materia o nombre geográfico como elemento de entrada | Iniciativa empresarial |
| 9 (RLIN) | 148031 |
| 700 ## - PUNTO DE ACCESO ADICIONAL--NOMBRE DE PERSONA | |
| Nombre de persona | Mejenes Quijano, Amilcar R., asesor |
| 9 (RLIN) | 142806 |
| 700 1# - PUNTO DE ACCESO ADICIONAL--NOMBRE DE PERSONA | |
| Nombre de persona | Ponce Hernández, Pedro |
| 9 (RLIN) | 147918 |
| 700 ## - PUNTO DE ACCESO ADICIONAL--NOMBRE DE PERSONA | |
| Nombre de persona | Reyna Izaguirre, Diana América, asesor |
| 9 (RLIN) | 163691 |
| 942 ## - ELEMENTOS DE PUNTO DE ACCESO ADICIONAL (KOHA) | |
| Tipo de ítem Koha | |
No items available.
